01808nam a2200301 a 4500999001900000001001500019003000500034005001700039008004100056020002700097020003000124038001200154040000600166050001400172082002600186100003000212245005500242260004000297300002100337520082500358650001701183650001901200650003601219650004301255856008201298942001201380952011401392 c532061d532061ASIN9694025435NUST20191107115229.0151014s2011 xxu eng d a9694025435 (hardcover) a9789694025438 (hardcover) aMSOHAIL a004aHD1698.P304a333.9100954bSID 20131 aSiqqiqui, Iqtidar.92535510aHydro politics and water wars /cIqtidar Siqqiqui. a[S.l.] :bVanguard,Pakistan,c2013. a280 p. ;c24 cm. aWater is an important input to irrigated agriculture. In Pakistan unfortunately, it is fast becoming a diminishing resource due to many reasons including global warming. To meet present and future requirements, water should be conserved in the country at as many places as possible. However, politics of water is not allowing it to happen. Hydro-Politics in Indus River Basin by Iqtidar H. Siddiqui is a comprehensive commentary on the management and utilization of Indus River system waters both internationally and domestically and describes the Hydro-Political forces, which do not permit advancement in water sector in the country. The book infect gives a 'wake-up call' to the country in view of diminishing water resources, expected 'water disaster' due to climate change and hydro-political forces in the country. 0aIndia925356 0aPakistan94651 0aWater-supply--Management925357 0aWater-supply--Political aspects925358403Amazon.comuhttp://www.amazon.com/exec/obidos/ASIN/9694025435/chopaconline-20 2ddccBK 00102ddc4070aNITbNITd2019-11-07l1o333.9100954 SID pNIT-11963r2023-07-12s2023-06-12w2019-11-07yBK